[Event "CAN-ch U16"]
[Site "Windsor"]
[Date "2015.07.07"]
[Round "2.15"]
[White "Vu, Henry"]
[Black "Du, Joshua"]
[Result "0-1"]
[WhiteElo "1010"]
[BlackElo "1416"]
[PlyCount "92"]
[EventDate "2015.07.06"]
[EventType "swiss"]
[EventRounds "7"]
[EventCountry "CAN"]
[SourceTitle "EXT 2022"]
[Source "ChessBase"]
[SourceDate "2021.10.06"]
[SourceVersion "1"]
[SourceVersionDate "2021.10.06"]
[SourceQuality "1"]

1. e4 e5 2. Nf3 Nc6 3. Bb5 a6 4. Ba4 d6 5. 0-0 Bg4 6. d3 b5 7. Bb3 Nd4 8. Nbd2 Qf6 9. Bd5 c6 10. Bb3 Nxb3 11. Nxb3 Ne7 12. h3 h5 13. Bg5 Bxf3 14. Bxf6 Bxd1 15. Bxe7 Bxe7 16. Rfxd1 0-0 17. d4 Rad8 18. Na5 Rc8 19. dxe5 dxe5 20. Rac1 Rfd8 21. a3 c5 22. Rd5 Rxd5 23. exd5 Rd8 24. Nc6 Re8 25. Rd1 Bd6 26. Na5 Re7 27. a4 Rd7 28. b3 g6 29. Kf1 f5 30. h4 e4 31. g3 Be5 32. Nc6 Bd4 33. c4 bxc4 34. bxc4 Bc3 35. Rb1 Rf7 36. Nd8 Rc7 37. Rb8 Kh7 38. Ne6 Re7 39. Nxc5 e3 40. Rb7 e2+ 41. Kg2 Rxb7 42. Nxb7 e1Q 43. c5 Bd4 44. c6 Qxf2+ 45. Kh3 Be5 46. c7 Qxg3# 0-1